Štruktúra, oceňovanie a vykazovanie finančného majetku v konkrétnej poisťovni diplomová práca

Enregistré dans:
Détails bibliographiques
Auteur principal: Prostináková, Petra
Collectivité auteur: Fakulta hospodárskej informatiky EU. Katedra účtovníctva a audítorstva
Autres auteurs: Meluchová, Jitka, 1965-
Format: Livre
Langue:slovaque
Publié: Bratislava 2018
Tags: Ajouter un tag
Pas de tags, Soyez le premier à ajouter un tag!

MARC

LEADER 00000nbm a2200000 4500
001 0243577
005 20181108092330.9
041 0 |a slo 
044 |a SK 
245 1 0 |a Štruktúra, oceňovanie a vykazovanie finančného majetku v konkrétnej poisťovni  |b diplomová práca  |c Petra Prostináková ; školiteľ: Jitka Meluchová 
264 1 |a Bratislava  |c 2018 
300 |a 76 s. 
100 1 |a Prostináková, Petra 
700 1 |a Meluchová, Jitka, 1965- 
710 2 |a Fakulta hospodárskej informatiky EU. Katedra účtovníctva a audítorstva